Alle Länder unter griechischer Herrschaft (mit Karte) - Statistiken

Allgemein
  • Dieses Quiz wurde 18 mal gespielt
  • Das Durchschnittsergebnis liegt bei 46 aus 49
Antworten auf der Karte
Die Antworten werden auf der Karte rot bzw. grün angezeigt, abhängig davon wie oft sie richtig erraten wurden.
 
Antwortstatistiken
Land % Korrekt
Albanien
100%
Algerien
100%
Bosnien und Herzegowina
100%
Bulgarien
100%
Frankreich
100%
Griechenland
100%
Irak
100%
Italien
100%
Kosovo
100%
Kroatien
100%
Libyen
100%
Marokko
100%
Monaco
100%
Montenegro
100%
Nordmazedonien
100%
Russland
100%
San Marino
100%
Schweiz
100%
Serbien
100%
Spanien
100%
Türkei
100%
Ukraine
100%
Vatikanstadt
100%
Zypern
100%
Ägypten
94%
Armenien
94%
Georgien
94%
Indien
94%
Iran
94%
Israel
94%
Pakistan
94%
Portugal
94%
Saudi-Arabien
94%
Slowenien
94%
Syrien
94%
Tunesien
94%
Turkmenistan
94%
Afghanistan
88%
Jordanien
88%
Kasachstan
88%
Libanon
88%
Rumänien
88%
Usbekistan
88%
Kirgistan
82%
Tadschikistan
82%
Kuwait
76%
Nepal
76%
Malta
71%
Aserbaidschan
59%
Keine übereinstimmenden Quizze gefunden
Verteilung der Resultate
Anzahl Personen mit jedem Resultat
Perzentil nach korrekt beantworteten Fragen
Ihre Resultats-Entwicklung
Sie haben dieses Quiz noch nicht gespielt